Statistiques concernant Immigration de Suède par pays

Cliquez ici pour prendre le quiz!

Statistiques générales

  • Ce quiz a été pris 1 857 fois
  • Le résultat moyen est 12 sur 19

Statistiques - réponses

#Pays d'origine% Correct
150 887Finlande
95%
41 747Norvège
95%
40 011Danemark
92%
50 863Allemagne
89%
92 759Pologne
82%
33 288Chine
77%
27 658Royaume-Uni
77%
49 948Turquie
74%
35 234Inde
72%
172 258Syrie
69%
144 035Irak
68%
77 386Iran
65%
43 991Afghanistan
54%
31 040Roumanie
53%
27 487Liban
48%
68 678Somalie
34%
41 240Thaïlande
30%
42 300Érythrée
26%
27 996Chili
11%

Distribution des résultats

Percentile par nombre de réponses

% des personnes avec chaque résultat

Votre développement - résultats

Vous n’avez pas pris ce quiz